Video Games by Year: 2003 - Statistics

General Stats
  • This quiz has been taken 67 times
  • The average score is 6 of 16
Answer Stats
Picture Answer % Correct
FIFA Football 2004
91%
Devil May Cry 2
66%
Call of Duty
63%
Star Wars: Knights of the Old Republic
59%
The Lord of the Rings: The Return of the King
54%
Max Payne 2: The Fall of Max Payne
50%
Silent Hill 3
48%
Wario World
38%
Need for Speed: Underground
30%
Postal 2
25%
Star Wars Jedi Knight: Jedi Academy
23%
Warcraft III: The Frozen Throne
18%
Age of Mythology: The Titans
14%
Tom Clancy's Rainbow Six 3: Raven Shield
13%
Impossible Creatures
4%
The Black Mirror
0%
No matching quizzes found
Score Distribution
Percent of People with Each Score
Percentile by Number Answered
Your Score History
You have not taken this quiz